Leyes fundamentales del estado
I tiakina i:
| Hōputu: | Pukapuka |
|---|---|
| Reo: | Pāniora |
| I whakaputaina: |
Madrid
Servicio Informativo Español
1967
|
| Rangatū: | Documentos Políticos, 8
|
| Ngā marau: | |
| Ngā Tūtohu: |
Tāpirihia he Tūtohu
Kāore He Tūtohu, Me noho koe te mea tuatahi ki te tūtohu i tēnei pūkete!
|
MARC
| LEADER | 00000nam a2200000 a 4500 | ||
|---|---|---|---|
| 001 | UCP3180 | ||
| 003 | CL-VaPUC | ||
| 008 | 990611e19670000SP |||||||||||||||||spa|d | ||
| 082 | 0 | 4 | |a 342.46 |b LEY |2 21 |
| 245 | 1 | 0 | |a Leyes fundamentales del estado |
| 300 | |a 224 p | ||
| 942 | |c BK | ||
| 945 | |d 19990611 00:00:00 |a vberengu | ||
| 260 | |a Madrid |b Servicio Informativo Español |c 1967 | ||
| 500 | |a Incluye Organigramas de los Organos de Gobierno Español | ||
| 600 | 0 | 7 | |a FRANCO BAHAMONDES, FRANCISCO |2 CL-VaPUC |9 421099 |
| 650 | 0 | |a Constitución española |9 392668 | |
| 650 | 7 | |a LEGISLACION |2 CL-VaPUC |9 430389 | |
| 650 | 7 | |a LEY |2 CL-VaPUC |9 430390 | |
| 650 | 0 | |a Estado |9 255503 | |
| 650 | 7 | |a LEY ORGANICA |2 CL-VaPUC |9 416094 | |
| 650 | 0 | |a Derecho constitucional |9 222588 | |
| 651 | 0 | |a España |9 254926 | |
| 583 | |a last modification |c 19990611 00:00:00 |k Rodrigo Vera | ||
| 490 | 0 | |a Documentos Políticos, 8 | |
| 999 | |c 281601 |d 281599 | ||
| 952 | |0 0 |1 0 |4 0 |6 342_460000000000000_LEY_1967 |7 0 |8 A |9 322464 |a BIBDER |b BIBDER |d 2019-11-20 |i 3479382 |o 342.46 LEY 1967 |p 3479382 |r 2023-01-25 |w 2019-11-20 |y BK |k DER | ||